Riconosci il Pokémon - Quiz n°59 - Statistics

Statistiche generali
  • Questo quiz è stato fatto 7 volte
  • Il punteggio medio è 10 su 10
Statistiche sulle risposte
Indizio Risposta % Corretto
Altezza 2,8 m
100%
Peso 330,0 kg
100%
Tasso di cattura 90 (20.1%)
100%
Abilità Ferropugno; Impaccio; Nullodifesa
100%
Tasso di allevamento Medio-Veloce
100%
Stadio evoluzione Prima evoluzione
100%
Generazione Quinta
100%
Sesso Sconosciuto
100%
Tipo Terra / Spettro
100%
Pokémon Golurk
71%
Nessun quiz corrispondente trovato
Distribuzione punteggi
Percentuale di utenti per punteggio
Percentile per numero di risposta
I tuoi punteggi nel tempo
Non hai fatto questo quiz